000 00744nam a2200265Ia 4500
001 Para_6606
003 CHAP
008 220125s1958 xx 000 0 und d
010 _a205406
040 _cCHAP
090 _aPA FOLLETO 605
110 _aQuímicas Unidas, S.A.
_9171435
245 _aNivelación y drenaje y los afidos causan perdidas de millones /
_c por Químicas Unidas, S.A.
260 _aMéxico :
_b La Compañía
300 _a1 hoja desplegable
650 _aAfididos
_91031
650 _aTierras
_x nivelación
_9113119
901 _aPA FOLLETO 605
902 _aA
905 _a0000001958 0000000000 00
910 _a1958
942 _cPARA
942 _cPARA
_d1
999 _c205406
_d205406